Places You Think Are Countries (That Aren't) - Statistics

General Stats
  • This quiz has been taken 31 times
  • The average score is 4 of 20
Answer Stats
Answer % Correct
Palestine
70%
Greenland
56%
Northern Ireland
37%
Scotland
33%
Wales
33%
Hong Kong
30%
Guam
26%
Western Sahara
22%
Cook Islands
19%
Falkland Islands
19%
Gibraltar
19%
French Polynesia
15%
Virgin Islands
15%
Bermuda
11%
Cayman Islands
11%
Niue
11%
Tasmania
7%
Tibet
7%
Somaliland
4%
Isle Of Man
0%
No matching quizzes found
Score Distribution
Percent of People with Each Score
Percentile by Number Answered
Your Score History
You have not taken this quiz